000 00851nam a22002777a 4500
001 BR7904380
003 BR-BrBNA
005 20230928090037.0
007 ta
008 230509b bl.||||| |||| 00| 0 por d
040 _aBR-BrBNA
_bpor
_cBiblioteca Nacional de Agricultura
041 _a(Por)
072 _aE50; F40
_b/G514
090 _ E50 BR7904380
100 1 _aOcana, C.L. (Universidade Nacional Agraria, Lima (Peru))
110 1 _aSuperintendencia do Desenvolvimento do Nordeste, Recife, PE (Brasil)
245 1 _aA Acao do homem nos ecossistemas frageis do Nordeste brasileiro [meio-ambiente]
260 3 _aRecife, PE (Brasil):
_cFeb 1979.
300 _a9 p.
650 _aSociologia rural
650 _aEcologia vegetal
650 _aMeio ambiente
650 _aNordeste
909 _a202309
_bLucia
_c55
_dLucia Elande
942 _cBK
999 _c27568
_d27568